El segundo sexo.

Saved in:
Bibliografiske detaljer
Hovedforfatter: Beauvoir, Simone de (autora)
Andre forfattere: García Puente, Juan (traducción)
Format: Bog
Udgivet: Santiago, Chile: Debolsillo; Penguin Random House, 2019.
Udgivelse:Tercera edición en Chile
Serier:Contemporánea.
Fag:
Tags: Tilføj Tag
Ingen Tags, Vær først til at tagge denne postø!

MARC

LEADER 00000nam a22000007a 4500
003 CL-VaPUC
005 20250407202437.0
008 250306t2019 ||||| |||| 00| 0 spa d
999 |c 447138  |d 447136 
020 |a 978-956-325-399-3 
040 |c Pontificia Universidad Católica de Valparaíso 
082 7 |a 305.4 BEA 2019  |2 22 
100 |a Beauvoir, Simone de  |e autora  |9 319247 
245 1 3 |a El segundo sexo. 
250 |a Tercera edición en Chile 
260 |a Santiago, Chile:  |b Debolsillo;  |b Penguin Random House,  |c 2019. 
300 |a 727 páginas 
490 |a Contemporánea. 
500 |a c.1.-c.2. Instituto Arcos 8-1-2025. 
583 |k GC  |c 20220524 
650 |a Mujeres  |9 870087 
650 0 |a Antropología cultural y social   |9 265143 
650 |a Discriminación de la mujer  |9 429690 
650 |a Discriminación de género  |9 538222 
700 |a García Puente, Juan  |e traducción  |9 869674 
942 |2 ddc  |c BK  |n 0 
952 |0 0  |1 0  |2 ddc  |4 0  |6 305_400000000000000_BEA_2019  |7 0  |8 A  |9 600685  |a BIBINC  |b BIBINC  |d 2025-03-06  |e Instituto Arcos  |i 5665633  |l 1  |m 1  |o 305.4 BEA 2019  |p 5665633  |r 2025-05-05  |s 2025-04-16  |t 1  |w 2025-03-06  |y BK  |k IFP 
952 |0 0  |1 0  |2 ddc  |4 0  |6 305_400000000000000_BEA_2019  |7 0  |8 A  |9 601287  |a BIBINC  |b BIBINC  |d 2025-03-14  |e Instituto Arcos  |i 5666137  |l 2  |o 305.4 BEA 2019  |p 5666137  |q 2025-05-22  |r 2025-04-22  |s 2025-04-22  |t 2  |w 2025-03-06  |y BK  |k IFP